000 00415nab a2200145Ia 4500
003 ES-SlBCS
005 20210601140100.0
008 140529s1996 xxu||||| |||| 00| 0 spa d
041 _aspa
100 1 _aArgibay, M.
_9240280
245 0 0 _aMás allá de la transversalidad
_c M. Argibay
650 0 4 _aTransversalidad
_9220443
773 0 _tCuadernos de Pedagogia
_gnº. 249, 1996, págs. 46-49
_wRev1128
942 _cAR
999 _c639064
_d639064